Missing Word: 'No' Songs Quiz Stats

 Plays Quiz Updated Sep 3, 2015

Challenge
Share
Tweet
Embed
Score 0/26 Timer 04:00
0 Plays Today
Hint Missing Word % Correct
No More Mr. Nice _____Guy
98.2%
Ain't No Mountain High _____Enough
98.2%
(I Can't Get No) _____Satisfaction
96.9%
A Horse With No _____Name
89.8%
No One Like _____You
73.9%
Lonely No _____More
73.2%
No Woman No _____Cry
72.2%
Ain't No Other _____Man
58.1%
Ain't No _____Sunshine
52%
No One _____Knows
48.6%
Cast No _____Shadow
43.9%
No Sleep Till _____Brooklyn
42.1%
I'm No _____Angel
39.6%
Hint Missing Word % Correct
No _____One
38.7%
You Know I'm No _____Good
35.8%
Makes No _____Difference
26.7%
No More _____Tears
26.4%
No _____Quarter
13.6%
We No Speak _____Americano
11.7%
No Line on the _____Horizon
11.4%
No More _____Drama
10.9%
No Church in the _____Wild
10.3%
No _____Surprises
8.7%
No Need to _____Argue
7.2%
No _____ Reply
6.7%
City With No _____Children
4.7%

Today's Daily Dose

You're not logged in!

Compare scores with friends on all Sporcle quizzes.
OR
Log In

You Might Also Like...

Show Comments

Extras

Top Quizzes Today


Score Distribution

Your Account Isn't Verified!

In order to create a playlist on Sporcle, you need to verify the email address you used during registration. Go to your Sporcle Settings to finish the process.

Report this User

Report this user for behavior that violates our Community Guidelines.

Details: